Secret Animal Adjectives Quiz Stats

 Plays Quiz not verified by Sporcle

Score 0/30 Timer 05:00
0 Plays Today
% Correct
Funny
91%
Smitten
91%
Snug
89.6%
Legal
89.6%
Big
88.1%
Foul
88.1%
Grape
88.1%
Fake
88.1%
Droll
88.1%
Funky
86.6%
Frail
86.6%
Square
86.6%
Scouse
86.6%
Pleasant
86.6%
Yuppie
86.6%
% Correct
Albino
86.6%
Real
86.6%
Cork
86.6%
Sheer
86.6%
Absurd
85.1%
Dark
85.1%
Coarse
85.1%
Main
85.1%
Fertile
85.1%
Swell
85.1%
Matte
83.6%
Vanilla
83.6%
Blue
82.1%
Amok
82.1%
Marsala
79.1%

You're not logged in!

Compare scores with friends on all Sporcle quizzes.
OR
Log In

Show Comments

Extras

Top Quizzes Today


Score Distribution

Your Account Isn't Verified!

In order to create a playlist on Sporcle, you need to verify the email address you used during registration. Go to your Sporcle Settings to finish the process.

Report this User

Report this user for behavior that violates our Community Guidelines.

Details: